000 00478nam a2200181Ia 4500
001 23290
005 20260414150927.0
008 260414t2009||||xx |||||||||||||| ||spa||
041 _aESP
082 _a628.21
_bL45
100 _aLeón, Arturo
_eAUT
245 0 _aImproved modeling of transient flows in storm-sewer systems :
_btheory and applications
260 _c2009
300 _a149 páginas :
_c22 cm.
650 _aCNM
654 _aCCN
942 _cLIB
_dJUS
_fJUS
_2ddc
_n
999 _c23290
_d23290